Video and digital electronic displays : (Record no. 176440)
[ view plain ]
| 000 -LEADER | |
|---|---|
| fixed length control field | 00811 a2200205 4500 |
| 003 - CONTROL NUMBER IDENTIFIER | |
| control field | Nust |
| 005 - DATE AND TIME OF LATEST TRANSACTION | |
| control field | 20220803084607.0 |
| 010 ## - LIBRARY OF CONGRESS CONTROL NUMBER | |
| LC control number | 81021915 |
| 020 ## - INTERNATIONAL STANDARD BOOK NUMBER | |
| International Standard Book Number | 0471090379 |
| 040 ## - CATALOGING SOURCE | |
| Transcribing agency | Nust |
| 082 00 - DEWEY DECIMAL CLASSIFICATION NUMBER | |
| Classification number | 004.77,SHE |
| 100 1# - MAIN ENTRY--PERSONAL NAME | |
| Personal name | Sherr, Sol. |
| 9 (RLIN) | 96376 |
| 245 10 - TITLE STATEMENT | |
| Title | Video and digital electronic displays : |
| Remainder of title | a user's guide / |
| Statement of responsibility, etc. | Sol Sherr. |
| 260 ## - PUBLICATION, DISTRIBUTION, ETC. | |
| Place of publication, distribution, etc. | New York : |
| Name of publisher, distributor, etc. | Wiley, |
| Date of publication, distribution, etc. | c1982. |
| 300 ## - PHYSICAL DESCRIPTION | |
| Extent | ix, 252 p. : |
| Other physical details | ill. ; |
| Dimensions | 24 cm. |
| 505 ## - FORMATTED CONTENTS NOTE | |
| Formatted contents note | Electronic Display Sys (Page-1), Human Factors Or Ergonomics (Page-28), Cathode Ray Tube Sys (Page-54), Flat Panel Displays (Page-116), Applications (Page-167), Applications: Computer Graphics (Page-208), Performance Evaluation (Page-231). |
| 650 #0 - SUBJECT ADDED ENTRY--TOPICAL TERM | |
| Topical term or geographic name entry element | Information display systems. |
| 9 (RLIN) | 76194 |
| 650 #0 - SUBJECT ADDED ENTRY--TOPICAL TERM | |
| Topical term or geographic name entry element | Television display systems. |
| 9 (RLIN) | 96377 |
| 942 ## - ADDED ENTRY ELEMENTS (KOHA) | |
| Source of classification or shelving scheme | |
| Koha item type | Book |
| Call number prefix | 004.77,SHE |
| Withdrawn status | Lost status | Source of classification or shelving scheme | Damaged status | Not for loan | Permanent Location | Current Location | Shelving location | Date acquired | Full call number | Barcode | Date last seen | Price effective from | Koha item type | Public note |
|---|---|---|---|---|---|---|---|---|---|---|---|---|---|---|
| Military College of Signals (MCS) | Military College of Signals (MCS) | General Stacks | 12/12/2016 | 004.77,SHE | MCS5855 | 12/08/2016 | 12/12/2016 | Book | Almirah No.4, Shelf No.2 |
